000 00680nam 22002053 4500
001 201513
010 _a972-667-299-6
021 _aPT
_b59739/92
090 _a201513
100 _a20260325d u||y0pory50 ba
200 _aUm judeu no desterro: Diogo Pires e a memória de Portugal
_fCarlos Ascenso André
210 _aCoimbra
_cInstituto Nacional de Investigação Científica
_d1992
215 _a197, [7] p.
_cbrochado
_d23 cm
225 _aTextos humanísticos portugueses
_h10
606 _93661
_aCrítica Literária.Estudos Literários
675 _a82.09
_vPT
_zpor
700 _916973
_aAndré
_bCarlos Ascenso
_f1953-
801 _aPT
_bBMMN
_gRPC
830 _cVanda
990 _cLIVROS